<?xml version="1.0" encoding="UTF-8"?><?xml-stylesheet type="text/xsl" href="static/style.xsl"?><OAI-PMH xmlns="http://www.openarchives.org/OAI/2.0/" xmlns:xsi="http://www.w3.org/2001/XMLSchema-instance" xsi:schemaLocation="http://www.openarchives.org/OAI/2.0/ http://www.openarchives.org/OAI/2.0/OAI-PMH.xsd"><responseDate>2026-04-17T04:14:51Z</responseDate><request verb="GetRecord" identifier="oai:www.recercat.cat:2117/376983" metadataPrefix="marc">https://recercat.cat/oai/request</request><GetRecord><record><header><identifier>oai:recercat.cat:2117/376983</identifier><datestamp>2025-07-23T07:02:34Z</datestamp><setSpec>com_2072_1033</setSpec><setSpec>col_2072_452951</setSpec></header><metadata><record xmlns="http://www.loc.gov/MARC21/slim" xmlns:dcterms="http://purl.org/dc/terms/" xmlns:xsi="http://www.w3.org/2001/XMLSchema-instance" xmlns:doc="http://www.lyncode.com/xoai" xsi:schemaLocation="http://www.loc.gov/MARC21/slim http://www.loc.gov/standards/marcxml/schema/MARC21slim.xsd">
   <leader>00925njm 22002777a 4500</leader>
   <datafield ind2=" " ind1=" " tag="042">
      <subfield code="a">dc</subfield>
   </datafield>
   <datafield ind2=" " ind1=" " tag="720">
      <subfield code="a">Corchado Mesa, Juan Roman</subfield>
      <subfield code="e">author</subfield>
   </datafield>
   <datafield ind2=" " ind1=" " tag="260">
      <subfield code="c">2022-10-18</subfield>
   </datafield>
   <datafield ind2=" " ind1=" " tag="520">
      <subfield code="a">Este trabajo, se trata de un TFM del Máster en Diagnosis y Técnicas de Intervención en la Edificación,&#xd;
impartido en la EPSEB- UPC, y se centra en la diagnosis de un caso real, donde se trata un edificio con&#xd;
ciertas singularidades, cuyo modelo se replica dentro del barrio de Bellvitge, del que, con su realización,&#xd;
se han podido poner en práctica los conocimientos adquiridos dentro del master.&#xd;
Otra de las intenciones al escoger este edifico, es hablar sobre los edificios comerciales del barrio de&#xd;
Bellvitge, y de alguna manera darlos a conocer y ponerlos en valor, ya que la información actual sobre&#xd;
estos edificios es escasa en las publicaciones encontradas sobre este barrio.&#xd;
El trabajo incluye diferentes capítulos, se hace una descripción del edifico, el desarrollo de una&#xd;
diagnosis, y a partir del diagnóstico, se detallan medidas cautelares a adoptar, por último, se ofrece una&#xd;
propuesta de intervención que pueda servir de base de cara a un posible futuro proyecto de&#xd;
intervención.</subfield>
   </datafield>
   <datafield tag="653" ind2=" " ind1=" ">
      <subfield code="a">Àrees temàtiques de la UPC::Edificació::Rehabilitació d'edificis</subfield>
   </datafield>
   <datafield tag="653" ind2=" " ind1=" ">
      <subfield code="a">Old age homes</subfield>
   </datafield>
   <datafield tag="653" ind2=" " ind1=" ">
      <subfield code="a">Buildings -- Repair and reconstruction</subfield>
   </datafield>
   <datafield tag="653" ind2=" " ind1=" ">
      <subfield code="a">Bellvitge (Hospitalet de Llobregat, Catalunya)</subfield>
   </datafield>
   <datafield tag="653" ind2=" " ind1=" ">
      <subfield code="a">Residències de persones grans</subfield>
   </datafield>
   <datafield tag="653" ind2=" " ind1=" ">
      <subfield code="a">Edificis -- Remodelació</subfield>
   </datafield>
   <datafield tag="653" ind2=" " ind1=" ">
      <subfield code="a">Edificis socials</subfield>
   </datafield>
   <datafield ind2="0" ind1="0" tag="245">
      <subfield code="a">Estudios sobre edificio singular prefabricado en Bellvitge, diagnosis y propuesta de intervención.</subfield>
   </datafield>
   <datafield ind2="0" ind1="0" tag="245">
      <subfield code="a">Estudios sobre edificio singular prefabricado en Bellvitge</subfield>
   </datafield>
</record></metadata></record></GetRecord></OAI-PMH>